A predsa ide jar (ostaň tu ešte chvíľku) : výber z ľúbostnej poézie

Bibliographic Details
Main Author: Štítnický, Ctibor, 1922-2002 (Author)
Other Authors: Nágel, Dušan, 1949- (Illustrator)
Format: Book
Language:Slovak
PhysicalDescription:160 s. ilustr. 15 cm
Published: Bratislava Regent 2017
ISBN:9788088904977
Edition:1. vyd.
Subjects:

MARC

LEADER 00000cam a2200000 a 4500
001 vtls011612784
003 SK-MaSNL
005 20260301183019.0
008 240318s2017 xo a g 000 pdslo
015 |a SNBA2017/04 
020 |a 9788088904977  |q (viaz.) 
035 |a urn:nbn:sk:snk-am00cwsk 
035 |a urn:nbn:sk:snk-am3hmws 
035 |a E5733C26-720B-4A1E-AF52-9512325A8E27 
040 |a SNK  |b slo  |c SNK  |e AACR2 
041 0 |a slo 
044 |a xo  |c SK 
072 7 |a 821.162.4-1  |x Slovenská poézia  |2 konspekt 
080 |a 821.162.4-1  |2 2011 
080 |a (0:82-146.2)  |2 2011 
100 1 |a Štítnický, Ctibor,  |d 1922-2002  |4 aut  |9 201598 
245 1 0 |a A predsa ide jar  |b (ostaň tu ešte chvíľku) : výber z ľúbostnej poézie  |c Ctibor Štítnický ; [ilustrácie: Dušan Nagel] 
250 |a 1. vyd. 
260 |a Bratislava  |b Regent  |c 2017 
300 |a 160 s.  |b ilustr.  |c 15 cm 
500 |a Biografické údaje 
655 7 |a slovenská poézia  |2 SNKPH  |9 70444 
655 7 |a ľúbostná poézia  |2 SNKPH  |9 70633 
655 7 |a Slovak poetry  |2 SNKPHeng  |9 265010 
655 7 |a Love poetry  |2 SNKPHeng  |9 306830 
700 1 |a Nágel, Dušan,  |d 1949-  |4 ill  |9 13940 
919 |a 978-80-88904-97-7 
958 |a LX 
999 |c 855562  |d 857492 
952 |a SNK  |b SNK  |y PREZ  |7 0  |p 17A1256648  |o snkSE 13356  |i snk2017/8293  |8 0  |0 0  |1 0  |4 0  |d 2017-04-05  |f 1  |l 0  |r 2026-02-24 04:55:17  |w 2026-02-24 
952 |a SNK  |b SNK  |y VYP  |7 0  |p 17A1256649  |o snkSE 13356 D1  |i snk2017/8294  |8 0  |0 0  |1 0  |4 0  |d 2017-04-05  |l 0  |r 2026-02-24 04:55:17  |w 2026-02-24